Loading...
| Literature - British poetry | 0 | 2 | 0 | 0 | 20 | 65 | 82.00 | 0 | 2 |
| Literature - European long fiction | 0 | 2 | 0 | 0 | 20 | 60 | 87.50 | 0 | 1 |
| Literature - World/Misc drama | 0 | 2 | 0 | 0 | 20 | 92 | 104.00 | 0 | 0 |
| Literature - American short fiction | 0 | 1 | 0 | 0 | 10 | 70 | 70.00 | 0 | 0 |
| Literature - British any | 0 | 1 | 0 | 0 | 10 | 120 | 120.00 | 0 | 0 |
| Literature - British long fiction | 0 | 1 | 0 | 0 | 10 | 107 | 107.00 | 0 | 1 |
| Literature - European poetry | 0 | 1 | 0 | 0 | 10 | 98 | 98.00 | 0 | 0 |
| Literature - European short fiction | 0 | 1 | 0 | 0 | 10 | 87 | 87.00 | 0 | 0 |
| Literature - American drama | 0 | 1 | 0 | 0 | 10 | 77 | 77.00 | 0 | 1 |
| Literature - American long fiction | 0 | 1 | 0 | 0 | 10 | 102 | 102.00 | 0 | 1 |
| Literature - American poetry | 0 | 1 | 0 | 0 | 10 | 102 | 102.00 | 0 | 0 |
| Mythology - Mixed/Any | 0 | 0 | 1 | 0 | -5 | 0.00 | 0 | 0 |